[Event "SVK-chT1E 2223"]
[Site "Slovakia"]
[Date "2023.10.22"]
[Round "2.4"]
[White "Verbovsky, Michal"]
[Black "Balazs, Ladislav"]
[Result "1/2-1/2"]
[WhiteElo "2147"]
[BlackElo "2029"]
[PlyCount "153"]
[EventDate "2023.10.21"]
[EventType "team-tourn"]
[EventRounds "11"]
[EventCountry "SVK"]
[SourceTitle "EXT 2025"]
[Source "ChessBase"]
[SourceDate "2024.10.14"]
[SourceVersion "1"]
[SourceVersionDate "2024.10.14"]
[SourceQuality "1"]
[WhiteTeam "Stropkov/Svidnik"]
[BlackTeam "Michalovce Zemplin"]
[WhiteTeamCountry "SVK"]
[BlackTeamCountry "SVK"]

1. e4 d5 2. exd5 Nf6 3. Nc3 Nxd5 4. Bc4 e6 5. Nf3 Nb6 6. Bb3 c5 7. Qe2 Nc6 8. d3 Be7 9. 0-0 0-0 10. Ne4 Nd5 11. Bg5 Bxg5 12. Nexg5 h6 13. Ne4 b6 14. Rad1 a5 15. a3 Ba6 16. Rfe1 Qc7 17. Ng3 Rad8 18. Nh5 Nf4 19. Nxf4 Qxf4 20. Qe3 Qf6 21. c3 Bb7 22. Bc4 Ne7 23. Qe5 Bxf3 24. Qxf6 gxf6 25. gxf3 Ng6 26. Kf1 Rd6 27. Ke2 Rfd8 28. Rg1 Kf8 29. a4 Ke7 30. Ke3 Ne5 31. Bb5 f5 32. h3 Kf6 33. f4 Ng6 34. h4 Ne7 35. Bc4 R6d7 36. Bb5 Rc7 37. Ba6 Ra7 38. Bb5 Raa8 39. Bc4 Rg8 40. Rg3 Rg4 41. Rxg4 fxg4 42. h5 Nf5+ 43. Ke2 Ng7 44. Rg1 Kf5 45. f3 gxf3+ 46. Kxf3 Nxh5 47. d4 cxd4 48. Bd3+ Kf6 49. Rh1 Ng7 50. Rxh6+ Ke7 51. cxd4 Rd8 52. Ke3 Ne8 53. f5 Nf6 54. Rh4 Rg8 55. fxe6 fxe6 56. Bc4 Kd6 57. b3 Rg3+ 58. Kd2 Ng4 59. Rh5 e5 60. dxe5+ Nxe5 61. Rh6+ Kc5 62. Bb5 Rxb3 63. Rh5 Kd4 64. Rh4+ Kd5 65. Rh6 Nf3+ 66. Kc1 Rxb5 67. Rh5+ Ne5 68. axb5 Kd4 69. Kc2 Nd7 70. Rh7 Nf6 71. Rc7 Nd5 72. Rc6 Nb4+ 73. Kb3 Nd5 74. Rc4+ Kd3 75. Rc6 Kd4 76. Rc4+ Kd3 77. Rc6 1/2-1/2

[Event "SVK-chT1E 2223"]
[Site "Slovakia"]
[Date "2023.10.21"]
[Round "1.3"]
[White "Verbovsky, Michal"]
[Black "Harvan, Richard"]
[Result "1-0"]
[WhiteElo "2147"]
[BlackElo "2070"]
[PlyCount "80"]
[EventDate "2023.10.21"]
[EventType "team-tourn"]
[EventRounds "11"]
[EventCountry "SVK"]
[SourceTitle "EXT 2025"]
[Source "ChessBase"]
[SourceDate "2024.10.14"]
[SourceVersion "1"]
[SourceVersionDate "2024.10.14"]
[SourceQuality "1"]
[WhiteTeam "Stropkov/Svidnik"]
[BlackTeam "Humenne Reinter II"]
[WhiteTeamCountry "SVK"]
[BlackTeamCountry "SVK"]

1. e4 c5 2. Nf3 g6 3. d4 cxd4 4. Qxd4 Nf6 5. Nc3 Nc6 6. Qa4 Ng4 7. h3 Nge5 8. Nxe5 Nxe5 9. Be3 Bg7 10. Nd5 Nc6 11. Bb6 axb6 12. Qxa8 e6 13. Nc3 Bxc3+ 14. bxc3 Na5 15. Qb8 0-0 16. Be2 d5 17. Rd1 Qg5 18. Qg3 Qxg3 19. fxg3 dxe4 20. Kf2 f5 21. Rd6 e5 22. Rhd1 f4 23. Rd8 Be6 24. Rxf8+ Kxf8 25. Rd6 Bxa2 26. gxf4 exf4 27. Rf6+ Ke7 28. Rxf4 Bd5 29. Ke3 Ke6 30. c4 Bxc4 31. Bxc4+ Nxc4+ 32. Kxe4 g5 33. Rf8 h5 34. Rh8 Nd6+ 35. Kf3 h4 36. Rh6+ Ke5 37. Rxd6 Kxd6 38. Kg4 Kc5 39. Kxg5 Kc4 40. Kxh4 Kc3 1-0

[Event "SVK-ch Amateurs"]
[Site "Liptovsky Jan"]
[Date "2023.06.17"]
[Round "5"]
[White "Gyerpal, Adrian"]
[Black "Verbovsky, Michal"]
[Result "1/2-1/2"]
[WhiteElo "2190"]
[BlackElo "2088"]
[PlyCount "44"]
[EventDate "2023.06.15"]
[EventType "swiss"]
[EventRounds "8"]
[EventCountry "SVK"]
[SourceTitle "CBM 214 Extra"]
[Source "ChessBase"]
[SourceDate "2023.07.31"]
[SourceVersion "1"]
[SourceVersionDate "2023.07.31"]
[SourceQuality "1"]

1. Nf3 Nf6 2. g3 e6 3. Bg2 d5 4. 0-0 Bd6 5. d4 h6 6. c4 0-0 7. Nc3 Nc6 8. c5 Be7 9. Bf4 Nh5 10. Rb1 Nxf4 11. gxf4 a5 12. a3 Bf6 13. b4 axb4 14. axb4 Bd7 15. e3 Ne7 16. Ra1 Nf5 17. Bh3 Rxa1 18. Qxa1 g5 19. Bxf5 exf5 20. fxg5 hxg5 21. Nxd5 Bc6 22. Nxf6+ Qxf6 1/2-1/2

[Event "SVK-ch Amateurs"]
[Site "Liptovsky Jan"]
[Date "2023.06.17"]
[Round "6"]
[White "Verbovsky, Michal"]
[Black "Stevik, Patrik1"]
[Result "1/2-1/2"]
[WhiteElo "2088"]
[BlackElo "2275"]
[PlyCount "30"]
[EventDate "2023.06.15"]
[EventType "swiss"]
[EventRounds "8"]
[EventCountry "SVK"]
[SourceTitle "CBM 214 Extra"]
[Source "ChessBase"]
[SourceDate "2023.07.31"]
[SourceVersion "1"]
[SourceVersionDate "2023.07.31"]
[SourceQuality "1"]

1. e4 g6 2. d4 Bg7 3. Nc3 d6 4. Be3 a6 5. g4 b5 6. Bg2 Bb7 7. h4 h6 8. Nce2 Nd7 9. Ng3 c5 10. c3 Qc7 11. h5 g5 12. Nf3 e6 13. 0-0 Ne7 14. Nd2 Nc6 15. Nb3 c4 1/2-1/2

[Event "SVK-ch Amateurs"]
[Site "Liptovsky Jan"]
[Date "2023.06.15"]
[Round "2"]
[White "Verbovsky, Michal"]
[Black "Kukan, Michal"]
[Result "1-0"]
[WhiteElo "2088"]
[BlackElo "1797"]
[PlyCount "45"]
[EventDate "2023.06.15"]
[EventType "swiss"]
[EventRounds "8"]
[EventCountry "SVK"]
[SourceTitle "CBM 214 Extra"]
[Source "ChessBase"]
[SourceDate "2023.07.31"]
[SourceVersion "1"]
[SourceVersionDate "2023.07.31"]
[SourceQuality "1"]

1. e4 c5 2. Nf3 d6 3. d4 cxd4 4. Qxd4 Nc6 5. Bb5 Bd7 6. Bxc6 Bxc6 7. c4 Qa5+ 8. Bd2 Qc5 9. Nc3 Nf6 10. Qd3 g6 11. 0-0 Bg7 12. Nd5 Nxd5 13. exd5 Bd7 14. Rfe1 Bf5 15. Qb3 Qc7 16. Bg5 e6 17. Nh4 Be5 18. Nxf5 gxf5 19. Rad1 h6 20. Bh4 f4 21. g3 Rg8 22. c5 Qxc5 23. Qxb7 1-0

[Event "SVK-chT2D 2223"]
[Site "Slovakia"]
[Date "2022.11.13"]
[Round "4.1"]
[White "Manik, Mikulas"]
[Black "Verbovsky, Michal"]
[Result "1/2-1/2"]
[WhiteElo "2361"]
[BlackElo "2048"]
[PlyCount "100"]
[EventDate "2022.10.08"]
[EventType "team-tourn"]
[EventRounds "11"]
[EventCountry "SVK"]
[SourceTitle "EXT 2024"]
[Source "ChessBase"]
[SourceDate "2023.10.10"]
[SourceVersion "1"]
[SourceVersionDate "2023.10.10"]
[SourceQuality "1"]
[WhiteTeam "Kosice 1 CC"]
[BlackTeam "Sabinov"]
[WhiteTeamCountry "SVK"]
[BlackTeamCountry "SVK"]

1. e4 c6 2. Nf3 d5 3. d3 dxe4 4. dxe4 Qxd1+ 5. Kxd1 Bg4 6. Be2 Nd7 7. Ne1 Bxe2+ 8. Kxe2 Ngf6 9. f3 e5 10. Nd3 Bd6 11. Be3 Ke7 12. a4 Ne8 13. Nd2 Nc7 14. Nc4 Ne6 15. Rhd1 Bc7 16. c3 f6 17. Rd2 Bb6 18. a5 Bxe3 19. Kxe3 Ndc5 20. Nxc5 Nxc5 21. Rad1 Rhd8 22. Nd6 g6 23. b4 Nb3 24. Rd3 Nc1 25. Rxc1 Rxd6 26. Rxd6 Kxd6 27. Rd1+ Ke6 28. g3 Rb8 29. h4 f5 30. f4 exf4+ 31. gxf4 fxe4 32. Kxe4 b6 33. axb6 axb6 34. Ra1 Rb7 35. Ra8 Kd6 36. c4 Re7+ 37. Kf3 Rb7 38. Rd8+ Ke7 39. Rh8 Ke6 40. Ke4 Kd6 41. Rc8 Re7+ 42. Kf3 Rb7 43. b5 cxb5 44. cxb5 Rc7 45. Rxc7 Kxc7 46. Kg4 Kd6 47. Kg5 Ke6 48. Kh6 Kf6 49. Kxh7 Kf7 50. Kh8 Kf8 1/2-1/2

[Event "Antwerp World Uni blitz op"]
[Site "Antwerp"]
[Date "2022.09.14"]
[Round "1"]
[White "Karas, Marek"]
[Black "Verbovsky, Michal"]
[Result "1-0"]
[WhiteElo "2272"]
[BlackElo "1940"]
[PlyCount "107"]
[EventDate "2022.09.14"]
[EventType "swiss (blitz)"]
[EventRounds "9"]
[EventCountry "BEL"]
[SourceTitle "CBM 210 Extra"]
[Source "ChessBase"]
[SourceDate "2022.11.30"]
[SourceVersion "1"]
[SourceVersionDate "2022.11.30"]
[SourceQuality "1"]

1. d4 Nf6 2. Nf3 e6 3. c4 b6 4. a3 Bb7 5. Nc3 Be7 6. d5 d6 7. e4 e5 8. Bd3 Nbd7 9. 0-0 0-0 10. b4 a5 11. Bd2 Re8 12. Nb5 c6 13. dxc6 Bxc6 14. Qe2 Nf8 15. Rfd1 Ne6 16. g3 Qb8 17. Bc3 Qb7 18. Re1 Nd7 19. Nd2 axb4 20. axb4 Rxa1 21. Rxa1 Ra8 22. Qe1 Nf6 23. f3 Ne8 24. Rxa8 Qxa8 25. Qa1 N8c7 26. Qxa8+ Bxa8 27. Nxc7 Nxc7 28. Kf2 Bc6 29. Nb3 b5 30. c5 Kf8 31. Na5 Be8 32. c6 d5 33. Bxe5 Na6 34. exd5 Bxb4 35. Bxb5 Bc5+ 36. Ke2 Nb4 37. d6 Bb6 38. Nc4 Nxc6 39. Bxc6 Bxc6 40. Nxb6 f6 41. Bc3 Ke8 42. Nc4 Bb5 43. Kd3 Kd7 44. Kd4 Kc6 45. Bb4 Kd7 46. Ne3 Bc6 47. f4 Bb5 48. Nf5 g6 49. Ne3 Bc6 50. Nd5 Ke6 51. Nc3 Kd7 52. Kc5 Ba8 53. Nd5 f5 54. Nb6+ 1-0